00421 2200169 4500001002100000005001500021008004100036020001800077035001900095041000700114082001600121090001600137100001300153245003400166260004000200300001100240INLIS00000000002876920241224132619241224||||||||| | ||| |||| || |  a979-514-048-5 0010-1224028769 aid0 a372.6 SUD k a372.6 SUD k0 aSoedjito00aKETERAMPILAN MENULIS PARAGRAF aBandungbPT REMAJA ROSDAKARYAc1986 a68 hlm